000 00570nam a2200229Ia 4500
003 OSt
005 20220928132652.0
006 a|||||r|||| 00| 0
007 ta
008 220927b |||||||| |||| 00| 0 eng d
024 _a62149
037 _cTextual
040 _aSDCL
_cSDCL
_beng
041 _2eng
_aeng
082 _aDelta:87, L7.2
100 _aJha KishoreNath
_9433311
245 0 _aMahakaal sanhita
260 _aAllahabad
_c1977
490 _vV2:600p
942 _hDelta:87, L7.2
_cTEXL
_2CC
999 _c795392
_d795392